| 000 | 00476nam a2200193Ia 4500 | ||
|---|---|---|---|
| 005 | 20240823033030.0 | ||
| 008 | 240823s9999||||xx |||||||||||||| ||und|| | ||
| 020 | _a81-239-1303-6 | ||
| 041 | _aENGLISH | ||
| 082 | _A551.8 Q2 | ||
| 100 | _aGokhale N W | ||
| 245 | 2 | _aA Manual of Problems in Structural Geology | |
| 250 | _a1st | ||
| 260 |
_c2012 _b"CBS Publishers & Distributors,New " |
||
| 500 | _aYES | ||
| 650 |
_aGeology _bGeneral |
||
| 942 | _cBK | ||
| 999 |
_c194845 _d194845 |
||